|
|
|
|
| LEADER |
00953nam a22002772i 4500 |
| 001 |
001556825 |
| 003 |
CZ BrMZK |
| 005 |
20161212104500.0 |
| 007 |
ta |
| 008 |
161212s1946 xr er|||||||||||cze d |
| 015 |
|
|
|a cnb002520108
|
| 020 |
|
|
|q (Brož.) :
|c Kčs 33,00
|
| 040 |
|
|
|a ABA001
|b cze
|e rda
|
| 100 |
1 |
|
|a Bezruč, Petr,
|d 1867-1958
|7 jk01011993
|4 aut
|
| 245 |
1 |
0 |
|a Slezské písně /
|c Petr Bezruč ; [obrázky Ferdiš Duša]
|
| 250 |
|
|
|a Vydání desáté
|
| 264 |
|
1 |
|a V Brně :
|b Pokorný a spol.,
|c 1946
|
| 300 |
|
|
|a 185 s. ;
|c 21 cm
|
| 336 |
|
|
|a text
|b txt
|2 rdacontent
|
| 337 |
|
|
|a bez média
|b n
|2 rdamedia
|
| 338 |
|
|
|a svazek
|b nc
|2 rdacarrier
|
| 856 |
4 |
1 |
|u http://www.digitalniknihovna.cz/mzk/uuid/uuid:35b941c0-e17a-11e3-b110-005056827e51
|y Digitalizovaný dokument
|x NDK
|
| 910 |
|
|
|a BOA001
|b PB-0187.615
|
| 990 |
|
|
|a BK
|
| 991 |
|
|
|b 201612
|
| 996 |
6 |
|
|b 2619161836
|c PB-0187.615
|l MZK
|r Sklad / do 24 hodin
|n 0
|w 001591933
|u 000010
|a 1
|e BOA001
|j MZK50
|s P
|